000 00527nam a2200181Ia 4500
008 180921t2008 xxu||||| |||| 00| 0 sin d
041 _asin
080 _a61(1-82)
_bSOR
100 _aSoratha, Thero Pathegama
245 _aදේශිය විෂ වෛද්‍ය සංග්‍රහය
246 _aDeshiya visha vaydya sangrahaya
260 _bB. Sumangala thera
_c2008
300 _a108p., 22 cm
650 _aToxicology
_aAyurveda
942 _cBK
999 _c17279
_d17279
003 LK-CoDNM
040 _aLK-CoDNM
_dLK-CoDNM
_eLK-CoDNM